Laser projection microscopes for monitoing objects with their hidden processes; Ресурсоэффективные системы в управлении и контроле: взгляд в будущее; Ч. 3

Dettagli Bibliografici
Parent link:Ресурсоэффективные системы в управлении и контроле: взгляд в будущее: сборник научных трудов II Международной конференции школьников, студентов, аспирантов, молодых ученых, 08 - 12 октября 2013 г./ Национальный исследовательский Томский политехнический университет (ТПУ).— , 2013
Ч. 3.— 2013.— [С. 18-21]
Autore principale: Sabri A. A.
Ente Autore: Национальный исследовательский Томский политехнический университет (ТПУ) Институт неразрушающего контроля (ИНК) Кафедра промышленной и медицинской электроники (ПМЭ)
Altri autori: Evtushenko G. S. Gennady Sergeevich (научный консультант)
Riassunto:Заглавие с титульного экрана
Lingua:inglese
Pubblicazione: 2013
Serie:Новые образовательные технологии в области контроля и управления
Soggetti:
Accesso online:http://www.lib.tpu.ru/fulltext/c/2013/C47/V3/006.pdf
Natura: Elettronico Capitolo di libro
KOHA link:https://koha.lib.tpu.ru/cgi-bin/koha/opac-detail.pl?biblionumber=603146

MARC

LEADER 00000naa2a2200000 4500
001 603146
005 20260226130028.0
035 |a (RuTPU)RU\TPU\conf\295 
035 |a RU\TPU\conf\292 
090 |a 603146 
100 |a 20131216d2013 k||y0rusy50 ba 
101 0 |a eng 
102 |a RU 
135 |a drnn ---uucaa 
181 0 |a i  
182 0 |a b 
200 1 |a Laser projection microscopes for monitoing objects with their hidden processes  |f A. A. Sabri  |g sci. adv. G. S. Evtushenko 
203 |a Текст  |c электронный 
225 1 |a Новые образовательные технологии в области контроля и управления 
300 |a Заглавие с титульного экрана 
320 |a [Библиогр.: с. 21 (3 назв.)] 
337 |a Adobe Reader 
461 1 |0 (RuTPU)RU\TPU\conf\171  |t Ресурсоэффективные системы в управлении и контроле: взгляд в будущее  |o сборник научных трудов II Международной конференции школьников, студентов, аспирантов, молодых ученых, 08 - 12 октября 2013 г.  |o в 4 ч.  |f Национальный исследовательский Томский политехнический университет (ТПУ)  |d 2013 
463 1 |0 (RuTPU)RU\TPU\conf\290  |t Ч. 3  |v [С. 18-21]  |d 2013 
610 1 |a труды учёных ТПУ 
610 1 |a электронный ресурс 
700 1 |a Sabri  |b A. A. 
702 1 |a Evtushenko  |b G. S.  |c Doctor of Technical Sciences, Professor of Tomsk Polytechnic University (TPU)  |c Russian specialist in electrophysics  |f 1947-  |g Gennady Sergeevich  |4 695 
712 0 2 |a Национальный исследовательский Томский политехнический университет (ТПУ)  |b Институт неразрушающего контроля (ИНК)  |b Кафедра промышленной и медицинской электроники (ПМЭ)  |3 (RuTPU)RU\TPU\col\18719 
801 2 |a RU  |b 63413507  |c 20140226  |g RCR 
856 4 |u http://www.lib.tpu.ru/fulltext/c/2013/C47/V3/006.pdf 
942 |c BK